000 00765nam0a22002531 4500
001 rc\2701856
005 20250623170451.0
035 _a(NLR Aleph) 006829979
090 _a6534430
_c6534430
100 _a20110915d1934 |||y0rusy50 ca
101 0 _arus
102 _aRU
105 _ay z |||||
200 1 _aЗадачи шефов в подготовке к весеннему севу
_fРед. И. Цейтин
210 _aХарьков
_cДВОУ "Украiнський робiтник"
_d1934
215 _aОбл., 68 с.
_d17,5 см.
700 1 _aСкарубский
_bМ.
702 1 _aЦейтин
_bИ.
_4340
801 0 _aRU
_bNLR
_gpsbo
801 1 _aRU
_bELAR
_2rusmarc
852 _aNLR
_j34-9/1798
942 _cBOOK
980 _aNB